Chūgoku nōson mondai /

Saved in:
Bibliographic Details
Corporate Author: Institute of Pacific Relations.
Other Authors: Sugimoto, Toshirō, 1913-1958.
Format: Book
Language:Japanese
Published: Tōkyō : Iwamani Shoten, Shōwa 15 [1940]
Series:Tōa kenkyū sōsho ; dai 2-kan.
Subjects:
Tags: Add Tag
No Tags, Be the first to tag this record!
LEADER 01373nam a2200361 a 4500
001 007767390-5
005 20024617115958.0
008 861007s1940 ja bf b 000 0 jpn
010 |a 86206958 /AJ 
035 0 |a ocm18872340 
040 |a DLC  |c DLC  |d *YNH*  |d CStRLIN 
041 1 |a jpnengchi 
043 |a a-cc--- 
050 0 |a HD925  |b .A3716 1940 
130 0 |a Agrarian China.  |l Japanese. 
245 1 0 |6 880-01  |a Chūgoku nōson mondai /  |c Taiheiyō Mondai Chōsakai hen ; Sugimoto Toshirō yaku. 
260 |6 880-02  |a Tōkyō :  |b Iwamani Shoten,  |c Shōwa 15 [1940] 
300 |a 10, 332 p., [5] leaves of plates :  |b maps ;  |c 23 cm. 
490 1 |6 880-03  |a Tōa kenkyū sōsho ;  |v dai 2-kan 
500 |a Translation of: Agrarian China. 
504 |a Includes bibliographical references. 
650 0 |a Land tenure  |z China. 
650 0 |a Agriculture  |x Economic aspects  |z China. 
700 1 |6 880-04  |a Sugimoto, Toshirō,  |d 1913-1958. 
710 2 |a Institute of Pacific Relations. 
880 1 0 |6 245-01  |a 中國農村問題 /  |c 太平洋問題調查會編; 杉本俊朗譯. 
880 |6 260-02  |a 東京 :  |b 岩波書店,  |c 昭和 15 [1940] 
880 1 |6 490-03  |a 東亞硏究叢書 ;  |v 第2卷 
880 1 |6 700-04  |a 杉本俊朗,  |d 1913-1958. 
830 0 |6 880-53  |a Tōa kenkyū sōsho ;  |v dai 2-kan. 
880 0 |6 830-53  |a 東亞硏究叢書 ;  |v 第2卷. 
988 |a 20021214 
906 |0 DLC